000 01392nam a2200241Ia 4500
003 Ost
005 20260416102351.0
008 260416s9999||||xx |||||||||||||| ||und||
040 _cfsecg
041 _aara
082 _a330.9
100 _aبرزوان، حسان
_eمؤلف
245 0 _aالفساد وأخلاقيات العمل /
_c حسان برزوان
260 _aالجزائر
_bجامعة الجزائر3: كلية العلوم الإقتصادية، العلوم التجارية وعلوم التسيير
_c2016
300 _a110 ورقة
_bايضاحات
_c30 سم
504 _aمراجع ص.107
520 _aالأسباب الاقتصادية للفساد، تكاليف الفساد من حيث التنمية الاقتصادية والحد من الفقر، استراتيجيات الاصلاح الداخلي، دور المجتمع الدولي، الحوكمة الجيدة ومحاربة الفساد لتحقيق التنمية، دور الاقتصاد الاسلامي في علاج ظاهرة الفقر والفساد.
653 _aالاقتصاد الاسلامي
653 _aالتنمية الاقتصادية
653 _aالمشاكل الاقتصادية
710 _aجامعة الجزائر3: كلية العلوم الإقتصادية، العلوم التجارية وعلوم التسيير
_eناشر علمي
942 _cHANDOUT
999 _c41013
_d41013